[Event "I Torneo Internazionale A"]
[Site "Bergamo ITA"]
[Date "2009.03.15"]
[Round "4"]
[White "Panella, Fiammetta"]
[Black "Arutyunova, Diana"]
[Result "0-1"]
[WhiteElo "2016"]
[BlackElo "2261"]
[PlyCount "54"]
[EventDate "2009.03.13"]

1. e4 d6 2. d4 Nf6 3. Nc3 c6 4. Be3 Qa5 5. f3 e5 6. Nge2 b5 7. Qd2 Nbd7 8. g4
h6 9. Ng3 b4 10. Nce2 d5 11. h3 Bb7 12. Bg2 c5 13. dxc5 Nxc5 14. exd5 Nxd5 15.
O-O Rd8 16. a3 Na4 17. Bf2 Qb5 18. Rfd1 Nxb2 19. a4 Qa5 20. Re1 Nc4 21. Qc1 Bc5
22. Bxc5 Qxc5+ 23. Kh2 Nce3 24. Nf5 O-O 25. Neg3 Nxg2 26. Kxg2 Nf4+ 27. Kh2
Qf2+ 0-1

[Event "I Torneo Internazionale A"]
[Site "Bergamo ITA"]
[Date "2009.03.15"]
[Round "4"]
[White "Petkov, Vladimir"]
[Black "Sgnaolin, Davide"]
[Result "1-0"]
[WhiteElo "2504"]
[BlackElo "2209"]
[PlyCount "65"]
[EventDate "2009.03.13"]

1. d4 Nf6 2. c4 c5 3. d5 b5 4. Nd2 bxc4 5. e4 c3 6. bxc3 g6 7. Ngf3 Bg7 8. Rb1
O-O 9. Bd3 d6 10. h3 e6 11. c4 e5 12. g4 h5 13. g5 Nh7 14. Nf1 f6 15. h4 Nd7
16. Ng3 Re8 17. Rg1 Nb6 18. Nh2 fxg5 19. hxg5 Bd7 20. Be2 Qe7 21. Nf3 Rf8 22.
Nh4 Be8 23. Rb3 Rf4 24. Ngf5 gxf5 25. Nxf5 Qf8 26. Bxf4 exf4 27. Bxh5 Bxh5 28.
Qxh5 Re8 29. Qg6 Rxe4+ 30. Kf1 Re5 31. Nh6+ Kh8 32. Nf7+ Kg8 33. Nxe5 1-0

[Event "I Torneo Internazionale A"]
[Site "Bergamo ITA"]
[Date "2009.03.15"]
[Round "4"]
[White "Rombaldoni, Axel"]
[Black "Sorcinelli, Francesco"]
[Result "0-1"]
[WhiteElo "2309"]
[BlackElo "2116"]
[PlyCount "110"]
[EventDate "2009.03.13"]

1. e4 c5 2. Nf3 d6 3. d4 cxd4 4. Qxd4 a6 5. c4 Nc6 6. Qe3 Nf6 7. Be2 g6 8. O-O
Bg7 9. h3 O-O 10. Nc3 Nd7 11. Rb1 a5 12. b3 Nc5 13. Bb2 f5 14. exf5 Bxf5 15.
Rbd1 a4 16. Ba3 Qa5 17. Nb5 axb3 18. axb3 Qxa3 19. Nxa3 Rxa3 20. Nd2 Bd4 21.
Qg3 Be5 22. f4 Nd4 23. Bf3 Bf6 24. Kh1 Rfa8 25. b4 Ne4 26. Nxe4 Bxe4 27. Qe1
Bxf3 28. gxf3 Nxf3 29. Qe4 Nh4 30. Rd3 Ra1 31. Kg1 R1a2 32. Qxb7 R8a7 33. Qd5+
Kg7 34. b5 Rb2 35. Rf2 Rb1+ 36. Kh2 Raa1 37. Qc6 Nf5 38. b6 Ra6 39. c5 dxc5 40.
Rd8 Raxb6 41. Qe8 Kh6 42. Rd5 R1b2 43. Rdd2 Rxd2 44. Rxd2 c4 45. Qf8+ Bg7 46.
Qd8 c3 47. Rc2 Rb2 48. Qd3 Rxc2+ 49. Qxc2 Bf6 50. Kg1 Bd4+ 51. Kh2 Bf6 52. Qe4
Kg7 53. Qd3 h5 54. Kg2 c2 55. Qd2 Bb2 0-1

[Event "I Torneo Internazionale A"]
[Site "Bergamo ITA"]
[Date "2009.03.15"]
[Round "4"]
[White "Rombaldoni, Denis"]
[Black "De Palma, Fabrizio"]
[Result "1-0"]
[WhiteElo "2418"]
[BlackElo "2017"]
[PlyCount "55"]
[EventDate "2009.03.13"]

1. b3 d5 2. Bb2 Bf5 3. f4 Nf6 4. Nf3 c5 5. e3 Nc6 6. d3 e6 7. Be2 h6 8. Ne5 Bd6
9. Nd2 Qc7 10. Ndf3 Bh7 11. O-O Rg8 12. Kh1 O-O-O 13. a3 Rdf8 14. b4 Nd7 15.
bxc5 Nxc5 16. c4 f6 17. cxd5 exd5 18. Nxc6 bxc6 19. Rc1 Bf5 20. d4 Nb7 21. Qa4
Nd8 22. Bc3 Kb8 23. Ba5 Qb7 24. Nh4 Be4 25. Ba6 Qd7 26. Rf2 Bc7 27. Rb2+ Ka8
28. Qb3 1-0

[Event "I Torneo Internazionale A"]
[Site "Bergamo ITA"]
[Date "2009.03.15"]
[Round "4"]
[White "Rumiantseva, Maria"]
[Black "Logar, Metod"]
[Result "1/2-1/2"]
[WhiteElo "2034"]
[BlackElo "2081"]
[PlyCount "57"]
[EventDate "2009.03.13"]

1. d4 Nf6 2. c4 e6 3. Nf3 b6 4. g3 Bb7 5. Bg2 Be7 6. O-O O-O 7. Nc3 Ne4 8. Qc2
Nxc3 9. Qxc3 Bf6 10. Qd3 d5 11. Bf4 Nd7 12. Rac1 Rc8 13. b4 c5 14. cxd5 exd5
15. bxc5 bxc5 16. Bh3 cxd4 17. Nxd4 Rxc1 18. Rxc1 Nb6 19. Rc7 Qa8 20. Nb3 d4
21. Nxd4 Nd5 22. Rc1 Nxf4 23. gxf4 Rd8 24. e3 Be4 25. Qa6 Bxd4 26. exd4 Qd5 27.
Rc8 Qxd4 28. Rxd8+ Qxd8 29. Qc8 1/2-1/2

[Event "I Torneo Internazionale A"]
[Site "Bergamo ITA"]
[Date "2009.03.15"]
[Round "4"]
[White "Salmoiraghi, Angelo"]
[Black "Napoli, Nicolo'"]
[Result "0-1"]
[WhiteElo "2133"]
[BlackElo "2313"]
[PlyCount "124"]
[EventDate "2009.03.13"]

1. e4 g6 2. d4 Bg7 3. Nc3 a6 4. Nf3 b5 5. a4 b4 6. Nd5 Bb7 7. Bd3 Bxd5 8. exd5
Nf6 9. Bc4 O-O 10. a5 c6 11. dxc6 Nxc6 12. Qd3 Nxa5 13. Bxa6 Qb6 14. Bc4 Nxc4
15. Rxa8 Qe6+ 16. Ne5 Rxa8 17. Qxc4 Nd5 18. Qe2 Ra1 19. Nd3 Qxe2+ 20. Kxe2 Bxd4
21. Rd1 d6 22. Bd2 Ra2 23. Bc1 Bf6 24. Kf3 e6 25. Re1 Ra8 26. Re4 Rc8 27. Nxb4
Nxb4 28. Rxb4 Rxc2 29. Bf4 Rxb2 30. Rxb2 Bxb2 31. Bxd6 f6 32. h3 Kf7 33. Ke2 e5
34. f3 Ke6 35. Bb4 Bc1 36. Be1 Kf5 37. Bf2 Kf4 38. Be1 Ba3 39. Bf2 Bb4 40. g3+
Kf5 41. Kd3 Ba5 42. Be3 Be1 43. g4+ Ke6 44. Ke4 Bg3 45. Bb6 f5+ 46. gxf5+ gxf5+
47. Kd3 Bh4 48. Ba7 Kf6 49. Ke2 Kg5 50. Be3+ Kh5 51. Kf1 Bg5 52. Bf2 Bf4 53.
Kg2 Kg5 54. Bc5 Bd2 55. Bf2 Bc1 56. Bb6 Kf4 57. Bc5 Bb2 58. Bb6 Bd4 59. Bc7 Ke3
60. Bd6 Ke2 61. Be7 f4 62. Bh4 Be3 0-1

[Event "I Torneo Internazionale A"]
[Site "Bergamo ITA"]
[Date "2009.03.15"]
[Round "4"]
[White "Sbarra, Marco"]
[Black "Ranfagni, Stefano"]
[Result "1-0"]
[WhiteElo "2191"]
[BlackElo "2041"]
[PlyCount "67"]
[EventDate "2009.03.13"]

1. d4 e6 2. c4 f5 3. g3 Nf6 4. Bg2 Be7 5. Nf3 O-O 6. O-O d6 7. Nc3 Qe8 8. Qc2
Bd8 9. e4 Nc6 10. exf5 exf5 11. Bg5 Qh5 12. Ne2 h6 13. Bxf6 Bxf6 14. Nf4 Qf7
15. d5 Ne7 16. Rad1 g5 17. Ne6 Bxe6 18. dxe6 Qxe6 19. Rfe1 Qf7 20. Nd4 Bxd4 21.
Rxd4 Qf6 22. Rd2 c6 23. Rde2 Rae8 24. Qb3 f4 25. Qxb7 f3 26. Re6 Qf5 27. Bf1
Rb8 28. Qxe7 Rxb2 29. Qxd6 Rxf2 30. Rg6+ Kh8 31. Rxh6+ Kg7 32. Re7+ Rf7 33.
Rxf7+ Qxf7 34. Kxf2 1-0

[Event "I Torneo Internazionale A"]
[Site "Bergamo ITA"]
[Date "2009.03.15"]
[Round "4"]
[White "Solodovnichenko, Yuri"]
[Black "Vezzosi, Paolo"]
[Result "1-0"]
[WhiteElo "2571"]
[BlackElo "2374"]
[PlyCount "61"]
[EventDate "2009.03.13"]

1. e4 c6 2. d4 d5 3. e5 Bf5 4. Nf3 e6 5. Be2 c5 6. Be3 Qb6 7. Nc3 c4 8. Rb1 Bb4
9. O-O Nd7 10. Bd2 Ne7 11. b3 Bxc3 12. Bxc3 Qc6 13. Qd2 O-O 14. Bb4 Rfe8 15.
bxc4 dxc4 16. Bxe7 Rxe7 17. Qb4 Rae8 18. Bxc4 Bxc2 19. Bb5 Qb6 20. Rb2 Be4 21.
Qa3 Bc6 22. Bxc6 Qxc6 23. Qxa7 Nf8 24. Rb6 Qd5 25. Rc1 f6 26. Qa4 Ng6 27. Rb5
Qe4 28. Re1 Qc6 29. Qb3 Nf4 30. a4 Ra8 31. exf6 1-0

[Event "I Torneo Internazionale A"]
[Site "Bergamo ITA"]
[Date "2009.03.15"]
[Round "4"]
[White "Stella, Andrea"]
[Black "Simutowe, Amon"]
[Result "1/2-1/2"]
[WhiteElo "2273"]
[BlackElo "2485"]
[PlyCount "95"]
[EventDate "2009.03.13"]

1. d4 d5 2. c4 dxc4 3. e3 Nf6 4. Bxc4 e6 5. Nf3 c5 6. O-O cxd4 7. exd4 a6 8. a3
b5 9. Ba2 Bb7 10. Bg5 Be7 11. Nc3 O-O 12. Re1 h6 13. Bh4 Nc6 14. Qd3 Re8 15.
Rad1 Na5 16. Ne5 Nd5 17. Qf3 Rf8 18. Bxd5 Bxd5 19. Bxe7 Bxf3 20. Bxd8 Bxd1 21.
Bxa5 Bb3 22. f3 Ra7 23. Kf2 Rc8 24. Bb6 Rb7 25. Bc5 Bc2 26. Ne4 Rcc7 27. Nd6
Rb8 28. Nexf7 Rxf7 29. Nxf7 Kxf7 30. Rc1 Bb3 31. Bd6 Rb7 32. Rc6 a5 33. Rc7+
Rxc7 34. Bxc7 a4 35. Ke3 g5 36. Ke4 Kg6 37. Bg3 Kf6 38. h4 Bd5+ 39. Ke3 Kg6 40.
hxg5 hxg5 41. Be5 Kf5 42. g4+ Kg6 43. Bc7 Bc6 44. Bd8 Bd5 45. f4 gxf4+ 46. Kxf4
Bc6 47. Ke5 Bd5 48. Bh4 1/2-1/2

[Event "I Torneo Internazionale A"]
[Site "Bergamo ITA"]
[Date "2009.03.15"]
[Round "4"]
[White "Tocchioni, Doriano"]
[Black "Pirola, Andrea"]
[Result "1-0"]
[WhiteElo "2264"]
[BlackElo "2140"]
[PlyCount "95"]
[EventDate "2009.03.13"]

1. d4 d5 2. Nf3 Nf6 3. g3 e6 4. Bg2 Nbd7 5. Nbd2 Bd6 6. c4 c6 7. O-O O-O 8. Qc2
b6 9. Rb1 Qe7 10. Re1 Bb7 11. a3 a5 12. e4 dxe4 13. Ng5 c5 14. Ndxe4 Bxe4 15.
Nxe4 cxd4 16. Nxf6+ Qxf6 17. Bxa8 Rxa8 18. Qe4 Rd8 19. b4 Ne5 20. Rd1 axb4 21.
axb4 Nxc4 22. Rxd4 b5 23. Bb2 e5 24. Rd5 Qe6 25. Rbd1 f5 26. Qc2 Rc8 27. Qe2 f4
28. Bc3 Rf8 29. Rxd6 Nxd6 30. Qxe5 Qxe5 31. Bxe5 Ne4 32. gxf4 Nf6 33. Kg2 Rc8
34. Bxf6 gxf6 35. Rd5 Rb8 36. Rd7 Rc8 37. Rb7 Rc4 38. Rxb5 Kg7 39. Kg3 Kg6 40.
h4 h5 41. f5+ Kh6 42. f3 Rc1 43. Rb8 Rg1+ 44. Kh2 Rd1 45. b5 Rd5 46. b6 Rb5 47.
Kg3 Kg7 48. b7 1-0

[Event "I Torneo Internazionale A"]
[Site "Bergamo ITA"]
[Date "2009.03.15"]
[Round "4"]
[White "Valsecchi, Alessio"]
[Black "Cruz Lledo, Pablo"]
[Result "0-1"]
[WhiteElo "2363"]
[BlackElo "2082"]
[PlyCount "74"]
[EventDate "2009.03.13"]

1. e4 c6 2. d4 d5 3. exd5 cxd5 4. c4 Nf6 5. Nc3 Be6 6. c5 g6 7. h3 Bg7 8. Nf3
O-O 9. Be2 Ne4 10. Qb3 b6 11. cxb6 axb6 12. O-O Nc6 13. Nb5 Na5 14. Qd1 Bd7 15.
Ne5 Bxb5 16. Bxb5 Nd6 17. Bd3 Nac4 18. Re1 e6 19. b3 Nxe5 20. dxe5 Qh4 21. Bb2
Rfd8 22. Qd2 Nc4 23. Bxc4 dxc4 24. Qb4 b5 25. a4 Bf8 26. Qc3 Rd3 27. Qc2 Rxb3
28. axb5 Rxa1 29. Bxa1 Bc5 30. Kf1 Rxb5 31. Bc3 Rb3 32. Re2 Qf4 33. Kg1 Qg3 34.
Be1 Qd3 35. Kf1 Rb1 36. Qa4 Kg7 37. f3 Rb2 0-1

[Event "I Torneo Internazionale A"]
[Site "Bergamo ITA"]
[Date "2009.03.15"]
[Round "4"]
[White "Vuelban, Virgilio"]
[Black "Bertani, Gianfranco"]
[Result "1-0"]
[WhiteElo "2411"]
[BlackElo "2100"]
[PlyCount "81"]
[EventDate "2009.03.13"]

1. e4 c5 2. Nf3 d6 3. d4 cxd4 4. Nxd4 Nf6 5. Nc3 g6 6. Be3 Bg7 7. f3 O-O 8. Qd2
Nc6 9. O-O-O d5 10. exd5 Nxd5 11. Nxc6 bxc6 12. Bd4 Nxc3 13. Qxc3 e5 14. Bxe5
Bxe5 15. Qxe5 Qh4 16. Rd4 Qf2 17. Rd2 Qh4 18. Qd4 Qg5 19. h4 Qa5 20. h5 Qxa2
21. b3 Re8 22. hxg6 Re1+ 23. Rd1 Qa3+ 24. Kb1 Rxd1+ 25. Qxd1 Bf5 26. gxf7+ Kf8
27. Bc4 Rb8 28. Qd4 Rxb3+ 29. Bxb3 Qxb3+ 30. Qb2 Bxc2+ 31. Kc1 Qxb2+ 32. Kxb2
Bd3 33. Kc3 Bf5 34. Kd4 Kxf7 35. Ke5 Bd3 36. Rd1 Bc4 37. Rd7+ Kg6 38. f4 h5 39.
f5+ Kh6 40. g3 Bd5 41. Rxd5 1-0

[Event "I Torneo Internazionale A"]
[Site "Bergamo ITA"]
[Date "2009.03.15"]
[Round "4"]
[White "Zaja, Ivan"]
[Black "Seps, Monika"]
[Result "1-0"]
[WhiteElo "2447"]
[BlackElo "2197"]
[PlyCount "79"]
[EventDate "2009.03.13"]

1. d4 Nf6 2. c4 g6 3. Nc3 Bg7 4. e4 d6 5. f3 O-O 6. Be3 c5 7. Nge2 Qa5 8. Qd2
Nc6 9. d5 Ne5 10. Nc1 e6 11. Be2 a6 12. O-O exd5 13. cxd5 b5 14. a3 Qc7 15. b3
Rb8 16. Ra2 Ne8 17. f4 Nd7 18. f5 Qa5 19. b4 cxb4 20. Nd1 Nef6 21. axb4 Qd8 22.
Nf2 Re8 23. Bg5 Qb6 24. Be3 Qd8 25. Bg5 Qb6 26. Kh1 Nxe4 27. Nxe4 Rxe4 28. Bd3
Re8 29. f6 Bh8 30. Qf4 Bb7 31. Ne2 Bxd5 32. Rd2 Qb7 33. Ng3 Re6 34. Qh4 Ne5 35.
Bb1 Bc4 36. Rfd1 Rbe8 37. h3 Qb6 38. Kh2 Nd7 39. Nf5 Nxf6 40. Nd4 1-0

[Event "I Torneo Internazionale A"]
[Site "Bergamo ITA"]
[Date "2009.03.15"]
[Round "4"]
[White "Zinani, Alessandro"]
[Black "Reduzzi, Maurizio"]
[Result "1/2-1/2"]
[WhiteElo "2211"]
[BlackElo "2079"]
[PlyCount "96"]
[EventDate "2009.03.13"]

1. d4 e6 2. Nf3 d5 3. c3 Bd6 4. Bg5 Ne7 5. Nbd2 f5 6. e3 O-O 7. Be2 Nd7 8. c4
c6 9. O-O Nf6 10. Qc2 Bd7 11. Qb3 Rb8 12. Bf4 Be8 13. Bxd6 Qxd6 14. Ne5 Bh5 15.
f3 g5 16. Rae1 Nd7 17. Nxd7 Qxd7 18. cxd5 cxd5 19. Bb5 Qd6 20. Rf2 Bg6 21. f4
g4 22. Rc1 Rfc8 23. Rff1 Kf8 24. Bd3 Be8 25. Rxc8 Nxc8 26. Rc1 Nb6 27. Bb5 Bxb5
28. Qxb5 a6 29. Qb3 Ke7 30. a4 Nd7 31. Qc3 b6 32. Rc2 a5 33. Nb3 Qb4 34. Qxb4+
axb4 35. Nc1 b3 36. Rc3 Ra8 37. Rxb3 Rxa4 38. Nd3 Kd6 39. Kf2 Rc4 40. Ne5 Nxe5
41. fxe5+ Kc6 42. Kg3 Rc2 43. h3 h5 44. hxg4 hxg4 45. Rb4 Re2 46. Rb3 Rc2 47.
Rb4 Re2 48. Rb3 Rc2 1/2-1/2

[Event "I Torneo Internazionale A"]
[Site "Bergamo ITA"]
[Date "2009.03.15"]
[Round "5"]
[White "Andres Gonzalez, Alberto"]
[Black "Manca, Federico"]
[Result "1/2-1/2"]
[WhiteElo "2476"]
[BlackElo "2373"]
[PlyCount "138"]
[EventDate "2009.03.13"]

1. c4 Nf6 2. Nf3 c5 3. g3 Nc6 4. Bg2 g6 5. O-O Bg7 6. d4 cxd4 7. Nxd4 O-O 8.
Nc3 Ng4 9. e3 d6 10. h3 Nh6 11. Nde2 Nf5 12. b3 Bd7 13. Bb2 a6 14. Qd2 Rb8 15.
Rac1 Qa5 16. Rfd1 Rfc8 17. e4 Nfd4 18. Nxd4 Bxd4 19. Nd5 Qxd2 20. Rxd2 Bxb2 21.
Rxb2 Be6 22. Nb6 Rc7 23. f4 Kf8 24. Kf2 Nb4 25. Ke3 Rc6 26. Nd5 a5 27. a3 Na6
28. Nc3 Rc5 29. Bf1 Rc6 30. Nb5 Bd7 31. Rd1 Be8 32. h4 Nc5 33. Nc3 Rb6 34. Rdb1
Ra6 35. Be2 Bc6 36. Rd1 Rb6 37. b4 axb4 38. axb4 Ra8 39. Ra2 Rxa2 40. Nxa2 Ra6
41. bxc5 Rxa2 42. cxd6 exd6 43. Rxd6 Bxe4 44. Kxe4 Rxe2+ 45. Kd4 Rg2 46. Rb6
Rxg3 47. Rxb7 Rf3 48. Ke5 Re3+ 49. Kd5 Rd3+ 50. Ke5 Re3+ 51. Kd4 Rf3 52. Ke4
Rc3 53. Rb4 Ke7 54. Kd5 Rd3+ 55. Ke4 Rc3 56. Kd5 Rd3+ 57. Ke5 Re3+ 58. Kd4 Rf3
59. Ke4 Rc3 60. Ra4 Kd6 61. Kd4 Rh3 62. c5+ Kc7 63. Ra7+ Kc6 64. Ra6+ Kc7 65.
Ra7+ Kc6 66. Rxf7 Rxh4 67. Rf6+ Kc7 68. Ke5 Rh1 69. Rf7+ Kc6 1/2-1/2

[Event "I Torneo Internazionale A"]
[Site "Bergamo ITA"]
[Date "2009.03.15"]
[Round "5"]
[White "Arutyunova, Diana"]
[Black "Vuelban, Virgilio"]
[Result "1/2-1/2"]
[WhiteElo "2261"]
[BlackElo "2411"]
[PlyCount "60"]
[EventDate "2009.03.13"]

1. e4 c5 2. c3 d5 3. exd5 Qxd5 4. d4 Nf6 5. Nf3 Bg4 6. Be2 e6 7. O-O Nc6 8. Na3
cxd4 9. Nb5 Rc8 10. Nfxd4 Bxe2 11. Qxe2 a6 12. Nxc6 Qxc6 13. Nd4 Qc4 14. Qxc4
Rxc4 15. a4 Bc5 16. Ne2 Ke7 17. b3 Re4 18. Ng3 Rg4 19. Ba3 Bxa3 20. Rxa3 Rc8
21. f3 Rh4 22. Ne2 Nd5 23. Rc1 Rh5 24. Ra2 Re5 25. Kf2 Nb4 26. Rd2 Nd5 27. c4
Nb4 28. Rcd1 Rc7 29. Nc3 Nc6 30. f4 Rh5 1/2-1/2

[Event "I Torneo Internazionale A"]
[Site "Bergamo ITA"]
[Date "2009.03.15"]
[Round "5"]
[White "Bemporad, Filippo"]
[Black "Vincenzi, Marco"]
[Result "1/2-1/2"]
[WhiteElo "2061"]
[BlackElo "2130"]
[PlyCount "147"]
[EventDate "2009.03.13"]

1. d4 Nf6 2. Nf3 c5 3. c4 cxd4 4. Nxd4 g6 5. Nc3 Bg7 6. e4 Nc6 7. Be3 O-O 8.
Be2 d6 9. O-O Nxd4 10. Bxd4 Be6 11. Rc1 Qa5 12. Be3 Rfc8 13. b3 b5 14. Nd5 Bxd5
15. exd5 bxc4 16. Bxc4 Nd7 17. Qe2 Ne5 18. Bb5 a6 19. Rxc8+ Rxc8 20. Bxa6 Ra8
21. Bb5 Qxa2 22. Qd1 Rb8 23. Ba4 Qb2 24. Kh1 Qc3 25. Bd4 Qd3 26. Qa1 f6 27. Rd1
Qe2 28. Rb1 Qd2 29. Rd1 Qe2 30. Re1 Qg4 31. h3 Qf5 32. Qc3 Rc8 33. Qe3 g5 34.
Bxe5 fxe5 35. Bb5 g4 36. h4 Bf6 37. Bd3 Qf4 38. g3 Qxe3 39. Rxe3 Re8 40. Bc4
Kg7 41. Kg2 Ra8 42. Re2 Re8 43. Ra2 e4 44. b4 Bd4 45. b5 Kf6 46. Rd2 Ke5 47.
Re2 h5 48. Rc2 Rc8 49. Kf1 Bb6 50. Ke2 Rc7 51. Bb3 Rxc2+ 52. Bxc2 Kd4 53. Bb1
Kxd5 54. Ba2+ Ke5 55. Bf7 d5 56. Bxh5 Kf5 57. Be8 d4 58. Bc6 d3+ 59. Ke1 Ba5+
60. Kd1 Bb6 61. Ke1 d2+ 62. Kxd2 Bxf2 63. h5 Bxg3 64. b6 Bf4+ 65. Ke2 e3 66. b7
Kg5 67. Be8 g3 68. Kf3 Kf5 69. h6 e2 70. Kxe2 Kf6 71. Kf3 Bb8 72. h7 Kg7 73.
Bg6 Bc7 74. Be4 1/2-1/2

[Event "I Torneo Internazionale A"]
[Site "Bergamo ITA"]
[Date "2009.03.15"]
[Round "5"]
[White "Bertani, Gianfranco"]
[Black "Iglesias Leon, Francisco Javier"]
[Result "1/2-1/2"]
[WhiteElo "2100"]
[BlackElo "2244"]
[PlyCount "140"]
[EventDate "2009.03.13"]

1. Nf3 Nf6 2. d4 g6 3. Bg5 Ne4 4. Bf4 c5 5. e3 Bg7 6. c3 Qb6 7. Qc1 d5 8. Nbd2
Nxd2 9. Qxd2 Nd7 10. a4 c4 11. Ne5 Nf6 12. f3 Nh5 13. a5 Qe6 14. e4 Nxf4 15.
Qxf4 f6 16. Ng4 dxe4 17. Ne3 exf3 18. gxf3 g5 19. Qe4 f5 20. Qxe6 Bxe6 21. Bxc4
Bd7 22. Rg1 h5 23. Rxg5 Bf6 24. Rg6 O-O-O 25. Bd3 f4 26. Ng2 Be8 27. Rxf6 exf6
28. Nxf4 Bc6 29. Kf2 h4 30. Rc1 Rhe8 31. Bf5+ Bd7 32. Bxd7+ Kxd7 33. Rd1 Rg8
34. d5 Rc8 35. Rd4 Rc5 36. Ra4 Kd6 37. c4 Rc7 38. b3 Rcg7 39. Ra1 h3 40. Nxh3
Rg2+ 41. Ke3 Re8+ 42. Kd4 Rd2+ 43. Kc3 Rxh2 44. Nf4 Re3+ 45. Kb4 Rb2 46. Ra3
Rxf3 47. Ne6 b6 48. a6 Rh3 49. Nd4 Rh7 50. Ra1 Ke5 51. Nc6+ Ke4 52. Re1+ Kd3
53. Re6 Kc2 54. Nd4+ Kd3 55. Nb5 f5 56. Rf6 Ke4 57. Re6+ Kd3 58. Rf6 Ke4 59.
Kc3 Rb1 60. d6 Rh3+ 61. Kb4 Rhxb3+ 62. Ka4 R3b2 63. Re6+ Kd3 64. d7 Rb4+ 65.
Ka3 Kxc4 66. Nd6+ Kc5 67. Nb7+ Kb5 68. Re5+ Kxa6 69. d8=Q R4b3+ 70. Ka2 R1b2+
1/2-1/2

[Event "I Torneo Internazionale A"]
[Site "Bergamo ITA"]
[Date "2009.03.15"]
[Round "5"]
[White "Cappai, Davide"]
[Black "Zaja, Ivan"]
[Result "1/2-1/2"]
[WhiteElo "2120"]
[BlackElo "2447"]
[PlyCount "106"]
[EventDate "2009.03.13"]

1. b3 d5 2. Bb2 Bf5 3. f4 Nf6 4. Nf3 Nc6 5. e3 e6 6. Bb5 Bg4 7. O-O Be7 8. Qe1
Bxf3 9. Bxc6+ bxc6 10. Rxf3 Rg8 11. Qe2 a5 12. Nc3 h6 13. Na4 Nd7 14. Raf1 Bf6
15. Ba3 Be7 16. Bxe7 Qxe7 17. e4 Nc5 18. exd5 Nxa4 19. bxa4 cxd5 20. f5 Rb8 21.
fxe6 fxe6 22. Qa6 Qd6 23. Qxa5 Qb6+ 24. Qxb6 Rxb6 25. Rb3 Ke7 26. Rxb6 cxb6 27.
Rb1 Rc8 28. c3 d4 29. cxd4 Rc2 30. Rxb6 Rxa2 31. Rb4 Rxd2 32. h3 h5 33. a5 Ra2
34. Rb5 h4 35. Rh5 Kf6 36. Rxh4 Rxa5 37. Rf4+ Kg6 38. Kh2 e5 39. Re4 exd4 40.
Rxd4 Kh5 41. Rg4 g5 42. Rb4 Ra3 43. Rb6 Ra2 44. Rb3 Kg6 45. Kg3 Ra6 46. h4
gxh4+ 47. Kxh4 Rc6 48. Rb8 Rc5 49. Rb6+ Kg7 50. g4 Ra5 51. Rc6 Rb5 52. Rc3 Ra5
53. Rf3 Kg6 1/2-1/2

[Event "I Torneo Internazionale A"]
[Site "Bergamo ITA"]
[Date "2009.03.15"]
[Round "5"]
[White "Chierici, Marianna"]
[Black "Zinani, Alessandro"]
[Result "0-1"]
[WhiteElo "2006"]
[BlackElo "2211"]
[PlyCount "110"]
[EventDate "2009.03.13"]

1. e4 e6 2. d3 d5 3. Nd2 Nf6 4. Ngf3 Be7 5. g3 b6 6. Bg2 Bb7 7. O-O O-O 8. Re1
c5 9. e5 Nfd7 10. h4 Re8 11. Nf1 Nc6 12. N1h2 Qc7 13. Bf4 d4 14. Ng4 Bf8 15. h5
Nb4 16. Qd2 Nd5 17. Ng5 Qc8 18. Be4 h6 19. Nxf7 Kxf7 20. Bxh6 Ne7 21. Qf4+ Kg8
22. Bxg7 Bxg7 23. Qg5 Kh8 24. Nh6 Nxe5 25. Bxb7 Qxb7 26. Rxe5 Bxe5 27. Nf7+ Kh7
28. Qh6+ Kg8 29. Nxe5 Nf5 30. Qf4 Qg7 31. g4 Ne7 32. Re1 Nd5 33. Qd2 Qf6 34.
Re4 Rac8 35. Nc4 Rc7 36. g5 Qf3 37. h6 Rf8 38. Ne5 Qf5 39. g6 Nf4 40. f3 Rf6
41. Ng4 Nxg6 42. Nxf6+ Qxf6 43. Qe2 Nf4 44. Qh2 e5 45. Kf2 Kh7 46. Re1 Rc8 47.
Rg1 Rg8 48. Rxg8 Kxg8 49. Qg3+ Kh7 50. Qg4 Kxh6 51. Kg3 Qg5 52. a4 Kg6 53. Kf2
Qxg4 54. fxg4 Nd5 55. Kf3 Kf6 0-1

[Event "I Torneo Internazionale A"]
[Site "Bergamo ITA"]
[Date "2009.03.15"]
[Round "5"]
[White "Corrales Jimenez, Fidel"]
[Black "Brunello, Sabino"]
[Result "1/2-1/2"]
[WhiteElo "2586"]
[BlackElo "2460"]
[PlyCount "123"]
[EventDate "2009.03.13"]

1. e4 e5 2. Nf3 Nc6 3. Bb5 a6 4. Ba4 Nf6 5. O-O Be7 6. Re1 b5 7. Bb3 O-O 8. c3
d5 9. exd5 Nxd5 10. Nxe5 Nxe5 11. Rxe5 c6 12. d4 Bd6 13. Re1 Qh4 14. g3 Qh3 15.
Re4 g5 16. Qe2 f5 17. Bxd5+ cxd5 18. Re6 f4 19. Rxd6 Bg4 20. Qf1 Qxf1+ 21. Kxf1
Rae8 22. Bd2 Bh3+ 23. Kg1 fxg3 24. hxg3 Re2 25. Rh6 Rexf2 26. Na3 Rg2+ 27. Kh1
Rxd2 28. Rxh3 Rff2 29. Rb1 Kg7 30. g4 Kg6 31. Rg3 h5 32. gxh5+ Kxh5 33. Rh3+
Kg6 34. Rg1 Rxb2 35. Nb1 Rxa2 36. c4 dxc4 37. d5 Rf8 38. Nc3 Rd2 39. Ra1 a5 40.
Nxb5 Rxd5 41. Nc3 Re5 42. Rb1 Rf4 43. Kg2 Rg4+ 44. Kf2 Rd4 45. Rb6+ Kf5 46. Ne2
Rd2 47. Rf3+ Kg4 48. Rg3+ Kf5 49. Rf3+ Kg4 50. Re3 Rxe3 51. Kxe3 Rd3+ 52. Kf2
Rf3+ 53. Ke1 a4 54. Rb4 a3 55. Rxc4+ Kh5 56. Ra4 g4 57. Nd4 Rf4 58. Ra5+ Kh4
59. Nf5+ Kh3 60. Rxa3+ Rf3 61. Ra5 g3 62. Nxg3 1/2-1/2

[Event "I Torneo Internazionale A"]
[Site "Bergamo ITA"]
[Date "2009.03.15"]
[Round "5"]
[White "De Palma, Fabrizio"]
[Black "Tocchioni, Doriano"]
[Result "0-1"]
[WhiteElo "2017"]
[BlackElo "2264"]
[PlyCount "36"]
[EventDate "2009.03.13"]

1. d4 d5 2. Nf3 Nc6 3. e3 Bg4 4. Be2 e6 5. b3 Nf6 6. Ba3 Bxa3 7. Nxa3 Ne4 8.
Nb1 O-O 9. Nfd2 Bf5 10. Nxe4 Bxe4 11. Bd3 Qh4 12. Bxe4 dxe4 13. Nc3 f5 14. h3
Rad8 15. g3 Qe7 16. a3 Ne5 17. Qe2 Nf3+ 18. Kf1 c5 0-1

[Event "I Torneo Internazionale A"]
[Site "Bergamo ITA"]
[Date "2009.03.15"]
[Round "5"]
[White "Genocchio, Daniele"]
[Black "Mrdja, Milan"]
[Result "1-0"]
[WhiteElo "2440"]
[BlackElo "2386"]
[PlyCount "63"]
[EventDate "2009.03.13"]

1. Nc3 c5 2. Nf3 d6 3. e4 e5 4. Bc4 Nc6 5. d3 h6 6. Nd5 Nf6 7. c3 Be7 8. a3 O-O
9. Be3 Nxd5 10. Bxd5 Bf6 11. b4 Ne7 12. Bb3 b6 13. h3 Bb7 14. Nh2 Ng6 15. Ng4
Bg5 16. Bxg5 Qxg5 17. h4 Qd8 18. Ne3 Ne7 19. Qf3 Kh8 20. g4 Rc8 21. b5 Qd7 22.
a4 f5 23. gxf5 d5 24. Rg1 c4 25. Qg3 Ng8 26. dxc4 dxe4 27. c5 Rxc5 28. Rd1 Qc7
29. Bxg8 Kxg8 30. c4 Kh8 31. Rd6 Qf7 32. Rg6 1-0

[Event "I Torneo Internazionale A"]
[Site "Bergamo ITA"]
[Date "2009.03.15"]
[Round "5"]
[White "Gerola, Fausto"]
[Black "Bozzali, Ermanno"]
[Result "1-0"]
[WhiteElo "2206"]
[BlackElo "2140"]
[PlyCount "145"]
[EventDate "2009.03.13"]

1. e4 c5 2. Nf3 d6 3. d4 cxd4 4. Nxd4 Nf6 5. Nc3 a6 6. a4 e5 7. Nf3 h6 8. h3
Qc7 9. Be3 Be6 10. Be2 Nbd7 11. O-O Nb6 12. Nd2 d5 13. Bxb6 Qxb6 14. exd5 Nxd5
15. Nc4 Qd4 16. Qxd4 exd4 17. Nxd5 Bxd5 18. Nb6 Rd8 19. Nxd5 Rxd5 20. Bf3 Rd7
21. Bg4 Rd8 22. Bf3 Rd7 23. Bg4 Rd6 24. Bc8 Rb6 25. b3 Kd8 26. Bf5 Bb4 27. Rad1
Rd6 28. f4 Re8 29. Bd3 Kc7 30. Rf2 Rf6 31. g3 Rfe6 32. Kg2 Be1 33. Rf3 Bc3 34.
g4 Kc6 35. Rdf1 b5 36. axb5+ axb5 37. f5 Re5 38. R3f2 Be1 39. Rf3 Ra8 40. Rf4
Kc5 41. Re4 Rxe4 42. Bxe4 Ra1 43. f6 g5 44. Bg6 Bc3 45. Rf5+ Kb4 46. Bxf7 d3
47. cxd3 Ra6 48. Be8 Bxf6 49. Bxb5 Rb6 50. Bc4 Kc3 51. Kf3 Bd4 52. Ke4 Rf6 53.
Kd5 Rb6 54. Rf1 Be3 55. Rf7 Bf4 56. Re7 Rd6+ 57. Ke4 Rd4+ 58. Kf5 Bc1 59. Re6
Rf4+ 60. Ke5 h5 61. gxh5 Rh4 62. Rc6 Bf4+ 63. Kf6 Kd4 64. Kg6 Rxh3 65. Be6 Rh2
66. Bg4 Rh4 67. Kf5 Bd2 68. b4 Kxd3 69. b5 Rh1 70. h6 Bc3 71. b6 Rb1 72. Rxc3+
Kxc3 73. h7 1-0